Technológie môžu cez biznis meniť odvetvia

Technologický pokrok mení v priemysle nielen produkty, ale v kombinácii s dobrou obchodnou stratégiou aj podnikateľské modely.

Enregistré dans:
Détails bibliographiques
Auteur principal: Rifaiová, Daniela
Format: Chapitre de livre
Langue:slovaque
Sujets:
Tags: Ajouter un tag
Pas de tags, Soyez le premier à ajouter un tag!

MARC

LEADER 00000naa a2200000 4500
001 0242023
005 20180416065736.5
041 0 |a slo 
044 |a SK 
245 1 0 |a Technológie môžu cez biznis meniť odvetvia  |c Daniela Rifaiová 
520 |a Technologický pokrok mení v priemysle nielen produkty, ale v kombinácii s dobrou obchodnou stratégiou aj podnikateľské modely. 
610 2 0 |a technológie nové 
610 2 0 |a pokrok technický 
610 2 0 |a stratégia obchodná 
610 2 0 |a stratégia podnikateľská 
610 2 0 |a modely podnikateľské 
100 1 |a Rifaiová, Daniela